Спутниковый мониторинг Земли (Запись № 3198943)

Подробности
000 -МАРКЕР
контрольное поле 01930nam0a2200349 i 4500
001 - ИДЕНТИФИКАТОР ЗАПИСИ
контрольное поле RU\NLR\bibl\1923326
005 - ИДЕНТИФИКАТОР ВЕРСИИ
контрольное поле 20260406004318.0
010 ## - МЕЖДУНАРОДНЫЙ СТАНДАРТНЫЙ НОМЕР КНИГИ (ISBN)
Номер (ISBN) 9785396004290
021 ## - НОМЕР ГОСУДАРСТВЕННОЙ РЕГИСТРАЦИИ
Код страны российская федерация
Номер 2012-44880
Номер Листа государственной регистраци 3299
035 ## - ДРУГИЕ СИСТЕМНЫЕ НОМЕРА
Идентификатор записи (NLR Aleph) 001912760
100 ## - ДАННЫЕ ОБЩЕЙ ОБРАБОТКИ
Данные общей обработки 20120711d2012 u y0rusy50 ca
101 0# - ЯЗЫК РЕСУРСА
Язык текста, звукозаписи и т.д. русский
102 ## - СТРАНА ПУБЛИКАЦИИ ИЛИ ПРОИЗВОДСТВА
Страна публикации российская федерация
105 ## - ПОЛЕ КОДИРОВАННЫХ ДАННЫХ: ТЕКСТОВЫЕ МАТЕРИАЛЫ, МОНОГРАФИЧЕСКИЕ
Кодированные данные о монографическом текстовом документе a |||||||||
200 1# - ЗАГЛАВИЕ И СВЕДЕНИЯ ОБ ОТВЕТСТВЕННОСТИ
Основное заглавие Спутниковый мониторинг Земли
Сведения, относящиеся к заглавию радиолокационное зондирование поверхности
Первые сведения об ответственности А.И. Захаров, О.И. Яковлев, В.М. Смирнов
210 ## - ПУБЛИКАЦИЯ, РАСПРОСТРАНЕНИЕ И ДР.
Место издания, распространения и т.д. Москва
Имя издателя, распространителя и т. д. URSS
-- КРАСАНД
Дата издания, распространения и т.д. 2012
215 ## - ФИЗИЧЕСКАЯ ХАРАКТЕРИСТИКА
Специфическое обозначение материала и объем 245 с.
Другие сведения о физической характеристике ил.
Размеры 22
300 ## - ОБЩИЕ ПРИМЕЧАНИЯ
Текст примечания На 4-й с. обл. авт.: А.И. Захаров - к.т.н., лауреат Гос. премии СССР, О.И. Яковлев - проф., лауреат двух Гос. премий СССР, В.М. Смирнов - д.ф.-м.н.
320 ## - ПРИМЕЧАНИЯ О НАЛИЧИИ В ДОКУМЕНТЕ БИБЛИОГРАФИИ / УКАЗАТЕЛЯ
Текст примечания Библиогр.: с. 233-245 (231 назв.)
517 0# - ДРУГИЕ ВАРИАНТЫ ЗАГЛАВИЯ
Вариант заглавия Радиолокационное зондирование поверхности
606 ## - НАИМЕНОВАНИЕ ТЕМЫ КАК ПРЕДМЕТ
Наименование темы Земная поверхность
Тематический подзаголовок Исследования
-- Радиолокационные методы
Системный номер авторитетной/нормативной записи 1112735
Идентификатор авторитетной/нормативной записи RU\NLR\auth\66439750
686 ## - ИНДЕКСЫ ДРУГИХ КЛАССИФИКАЦИЙ
Индекс Д820в733.8
700 #1 - ИМЯ ЛИЦА - ПЕРВИЧНАЯ ОТВЕТСТВЕННОСТЬ
Код отношения Автор
Материалы, к которым относится поле rus
Графика поля Кириллица
Начальный элемент ввода Захаров
Часть имени, кроме начального элемента ввода А. И.
Дополнения к именам, кроме дат канд. техн. наук, радиофизика
Расширение инициалов личного имени Александр Иванович
Идентификатор авторитетной/нормативной записи RU\NLR\auth\77113841
Системный номер авторитетной/нормативной записи 96766
701 #1 - ИМЯ ЛИЦА - АЛЬТЕРНАТИВНАЯ ОТВЕТСТВЕННОСТЬ
Код отношения Автор
Материалы, к которым относится поле rus
Графика поля Кириллица
Начальный элемент ввода Яковлев
Часть имени, кроме начального элемента ввода О. И.
Дополнения к именам, кроме дат д-р техн. наук
Даты 1929-
Расширение инициалов личного имени Олег Изосимович
Идентификатор авторитетной/нормативной записи RU\NLR\auth\7776688
Системный номер авторитетной/нормативной записи 59616
701 #1 - ИМЯ ЛИЦА - АЛЬТЕРНАТИВНАЯ ОТВЕТСТВЕННОСТЬ
Код отношения Автор
Материалы, к которым относится поле rus
Графика поля Кириллица
Начальный элемент ввода Смирнов
Часть имени, кроме начального элемента ввода В. М.
Дополнения к именам, кроме дат д-р физ.-мат. наук
Расширение инициалов личного имени Владимир Михайлович
Идентификатор авторитетной/нормативной записи RU\NLR\auth\7765707
Системный номер авторитетной/нормативной записи 48636
801 #0 - ИСТОЧНИК ЗАПИСИ
Страна российская федерация
Организация NLR
Дата составления 20120711
Правила каталогизации RCR
801 #1 - ИСТОЧНИК ЗАПИСИ
Страна российская федерация
Организация NLR
Дата составления 20120711
830 ## - ОБЩЕЕ ПРИМЕЧАНИЕ, СОСТАВЛЕННОЕ КАТАЛОГИЗАТОРОМ
Текст примечания авт. раскрыты в кн.
942 ## - ДОПОЛНИТЕЛЬНЫЕ ЭЛЕМЕНТЫ ЗАПИСИ (АБИС)
Тип экземпляра АБИС Книга
980 ## - КОЛЛЕКЦИЯ
Название коллекции НБР

Нет доступных экземпляров.